The Penang bridge : Planning,design and construction

Bibliographic Details
Main Author: Chin Fung Kee
Format: Book
Published: Kuala Lumpur : Lembaga Lebuhraya Malaysia , 1988
Subjects:

MARC

LEADER 00000cam a2200000 7i4500
001 0000002825
002 000003056
005 20000330.0
020 |a 09839956507 
090 0 0 |a 624.2809595   |b CHI 
100 0 |a Chin Fung Kee   |f Tan Sri Datuk Professor Ir 
245 1 4 |a The Penang bridge :   |b Planning,design and construction   |c Tan Sri Datuk Professor Ir.Chin Fung Kee 
260 |a Kuala Lumpur :   |b Lembaga Lebuhraya Malaysia ,   |c 1988 
300 |a 259p. :   |b ill. ;   |c 24cm. 
650 0 0 |a Penang Bridge   |x Construction 
999 |a 036430   |b BUKU   |c MALAYSIANA   |e PERPUSTAKAAN KOMUNITI PETALING JAYA